LIBRARY ONLINE CATALOGUE

Financial reporting : (Record no. 11857)

MARC details
000 -LEADER
fixed length control field 00637nam a22002172 4500
001 - CONTROL NUMBER
control field 0000002196
005 - DATE AND TIME OF LATEST TRANSACTION
control field 20151217155202.0
008 - FIXED-LENGTH DATA ELEMENTS--GENERAL INFORMATION
fixed length control field 070404s xx 000 0 eng d
020 ## - INTERNATIONAL STANDARD BOOK NUMBER
International Standard Book Number 0412357909 :
040 ## - CATALOGING SOURCE
Original cataloging agency KABU
Transcribing agency KABU
050 #0 - LIBRARY OF CONGRESS CALL NUMBER
Classification number HF5681
Item number .B2A24 1990
100 1# - MAIN ENTRY--PERSONAL NAME
Personal name Alexander, David.
-- 0000110641
245 10 - TITLE STATEMENT
Title Financial reporting :
Remainder of title the theoretical and regulatory framework.
250 ## - EDITION STATEMENT
Edition statement 2nd ed.
260 ## - PUBLICATION, DISTRIBUTION, ETC. (IMPRINT)
Place of publication, distribution, etc. London :
Name of publisher, distributor, etc. Chapman & Hall,
Date of publication, distribution, etc. 1990.
300 ## - PHYSICAL DESCRIPTION
Extent xiv, 404 p.
650 #0 - SUBJECT ADDED ENTRY--TOPICAL TERM
Topical term or geographic name as entry element Financial statements.
-- 0000151467
908 ## - PUT COMMAND PARAMETER (RLIN)
Put command parameter 070404
950 ## - LOCAL HOLDINGS (RLIN)
-- 1
Holdings
Withdrawn status Lost status Source of classification or shelving scheme Not for loan Home library Current library Date acquired Total Checkouts Full call number Barcode Date last seen Date last checked out Price effective from Koha item type
    Library of Congress Classification   Kabarak, Main Campus Kabarak, Main Campus 17/12/2015 1 HF5681 .B2A24 1990 005129 31/05/2016 05/02/2016 17/12/2015 General Collection